Casandra /

Bibliographic Details
Main Author: Pérez Galdós, Benito, 1843-1920
Other Authors: Nieva, Francisco
Format: Book
Language:Spanish
Published: Madrid : Preyson, [1985]
Series:Arte escénico ; 57.

MARC

Tag First Indicator Second Indicator Subfields
LEADER 00000cam a22000007a 4500
001 in00000009085
005 20151007051455.0
008 860212s1985 sp 00010 spa d
020 |a 8485848713 (pbk.) 
035 |a (OCoLC)13142813 
035 |9 AAA3160AM 
040 |a GZM  |c GZM  |d m/c  |d TXA  |d UtOrBLW 
049 |a TXAM  |c [A12621990] 
050 4 |a PQ6555  |b .C55 1985 
100 1 |a Pérez Galdós, Benito,  |d 1843-1920. 
245 1 0 |a Casandra /  |c Benito Pérez Galdós ; versión de Francisco Nieva ; estrenada en octubre de 1983 en el Teatro Perez Galdós, de Las Palmas. 
264 1 |a Madrid :  |b Preyson,  |c [1985] 
264 4 |c ©1985 
300 |a 77 pages ;  |c 15 cm. 
336 |a text  |b txt  |2 rdacontent 
337 |a unmediated  |b n  |2 rdamedia 
338 |a volume  |b nc  |2 rdacarrier 
490 1 |a Arte escénico ;  |v 57 
490 0 |a Coleccion Teatral de Authores Espaõles 
700 1 |a Nieva, Francisco. 
830 0 |a Arte escénico ;  |v 57. 
999 |a MARS 
999 f f |s f8782bdf-4ca7-30e9-8289-bf4b50106569  |i 3bd21b0e-c5c7-3ee6-93cb-6c2e6331f750  |t 0 
952 f f |p ric  |a Texas A&M University  |b Rellis Campus  |c Joint Library Facility  |d Remote Storage  |t 0  |e PQ6555 .C55 1985  |h Library of Congress classification  |i unmediated -- volume  |m A14812621990 
998 f f |a PQ6555 .C55 1985  |t 0  |l Remote Storage